Contribución al conocimiento geológico de los territorios del Neuquén y del Río Negro, (Record no. 27171)

MARC details
000 -LEADER
fixed length control field 01103cam a22002411 4500
001 - CONTROL NUMBER
control field gs 35000080
003 - CONTROL NUMBER IDENTIFIER
control field DLC
005 - DATE AND TIME OF LATEST TRANSACTION
control field 20260227111339.0
008 - FIXED-LENGTH DATA ELEMENTS--GENERAL INFORMATION
fixed length control field 880123s1934 ag bcf 000 0 spa c
010 ## - LIBRARY OF CONGRESS CONTROL NUMBER
LC control number gs 35000080
035 ## - SYSTEM CONTROL NUMBER
System control number (OCoLC)17379760
040 ## - CATALOGING SOURCE
Original cataloging agency Library, U.S. Geological Survey
Transcribing agency TxDaM
Modifying agency TxU
-- DLC
050 00 - LIBRARY OF CONGRESS CALL NUMBER
Classification number QE231
Item number .A3 no. 39
051 ## - LIBRARY OF CONGRESS COPY, ISSUE, OFFPRINT STATEMENT
Classification number QE231
Item number .W46
100 1# - MAIN ENTRY--PERSONAL NAME
Personal name Wichmann, Richard,
Dates associated with a name 1881-1930.
245 10 - TITLE STATEMENT
Title Contribución al conocimiento geológico de los territorios del Neuquén y del Río Negro,
Statement of responsibility, etc. por Ricardo Wichmann; con 24 laminas y un bosquejo geológico ejecutados en el taller de grabados de la Dirección de Minas.
260 ## - PUBLICATION, DISTRIBUTION, ETC.
Place of publication, distribution, etc. Buenos Aires,
Name of publisher, distributor, etc. Talleres Gráficos del Ministerio de Agricultura de la Nación,
Date of publication, distribution, etc. 1934.
300 ## - PHYSICAL DESCRIPTION
Extent 27 p.
Other physical details 24 pl. (part col.) port., fold. col. map.
Dimensions 27 cm.
490 0# - SERIES STATEMENT
Series statement Argentine Republic. Dirección de Minas y Geologia. [Ser. B] Boletin
Volume/sequential designation no. 39
500 ## - GENERAL NOTE
General note At head of title: Republica Argentina. Ministerio de Agricultura de la Nacion.
650 #0 - SUBJECT ADDED ENTRY--TOPICAL TERM
Topical term or geographic name entry element Geology
Geographic subdivision Argentina
-- Neuquén.
650 #0 - SUBJECT ADDED ENTRY--TOPICAL TERM
Topical term or geographic name entry element Geology
Geographic subdivision Argentina
-- Río Negro.

No items available.

Powered by Koha